| 000 | 00821nas a2200265 4500 | ||
|---|---|---|---|
| 001 | BR9503263 | ||
| 003 | BR-BrBNA | ||
| 005 | 20231205094416.0 | ||
| 007 | ta | ||
| 008 | 230509b bl.|||p| |||| 00| 00por d | ||
| 040 |
_aBR-BrBNA _bpor _cBiblioteca Nacional de Agricultura |
||
| 041 | _a(Pt) | ||
| 072 | _aL51 | ||
| 100 | 1 | _aCunha, P.G. da | |
| 100 | 1 | _aSilva, D.J. da | |
| 100 | 1 | _aTundisi, A.G.A. | |
| 245 | 1 | _aSilagens de sorgo e de capim-napier, com ou sem adicao de palhas, para vacas de corte, ha epoca de seca | |
| 650 | _aGado de Corte | ||
| 650 | _aSorgo | ||
| 650 | _aCapim Napier | ||
| 650 | _aNutricao Animal | ||
| 773 | 0 |
_tBoletim de Industria Animal (Brazil) _xISSN 0067-9615 _g(Jul-Dec 1975), v. 32(2) p. 239-248 _wBR9503263 |
|
| 909 |
_a202311 _bLúcia _c55 _dLúcia Elande |
||
| 942 |
_2AGRIS _n0 _cANA |
||
| 999 |
_c144110 _d144110 |
||